[Event "DEM U16w Oberhof"]
[Site "?"]
[Date "2013.05.21"]
[Round "5.3"]
[White "Bluhm, Sonja Maria"]
[Black "Siegl, Melina"]
[Result "1-0"]
[WhiteElo "2030"]
[BlackElo "1773"]
[PlyCount "53"]
[EventDate "2013.??.??"]

1. e4 e6 2. d3 d5 3. Nd2 c5 4. g3 Nf6 5. Bg2 Nc6 6. f4 Be7 7. e5 Nd7 8. Ngf3 b6
9. O-O Bb7 10. Re1 Qc7 11. c3 b5 12. g4 g6 13. Qe2 O-O-O 14. Nb3 f6 15. exf6
Bxf6 16. g5 Bg7 17. Qxe6 Kb8 18. Be3 Rde8 19. Qg4 Ne7 20. Nh4 h6 21. Bf2 hxg5
22. fxg5 Ka8 23. d4 a5 24. Bg3 Qc6 25. Nxa5 Qc8 26. Nxb7 Qxb7 27. Rxe7 1-0

[Event "DEM U16w Oberhof"]
[Site "?"]
[Date "2013.05.21"]
[Round "5.4"]
[White "Zahn, Alina"]
[Black "Bork, Sophie"]
[Result "1/2-1/2"]
[WhiteElo "1935"]
[BlackElo "1434"]
[PlyCount "66"]
[EventDate "2013.??.??"]

1. e4 e5 2. Bc4 Nf6 3. d3 Nc6 4. Nf3 Bc5 5. Bb3 a6 6. h3 Ba7 7. Nbd2 O-O 8. Nf1
d5 9. exd5 Nxd5 10. Ng3 h6 11. O-O Be6 12. Re1 Qd6 13. Ne4 Qe7 14. Ng3 Qd6 15.
Bd2 Rfe8 16. Ne4 Qe7 17. Ng3 Qd6 18. Ne4 Qe7 19. c3 Rad8 20. Qc1 Kh7 21. Bc2 f5
22. Ng3 f4 23. Ne4 Kg8 24. Re2 Nf6 25. Nxf6+ Qxf6 26. Qe1 Bf7 27. Rd1 Bh5 28.
Kh2 Bg6 29. Bc1 Bh5 30. Qg1 Rd6 31. Rde1 Rdd8 32. Rd1 Rd6 33. Rde1 Rdd8 1/2-1/2

[Event "DEM U16w Oberhof"]
[Site "?"]
[Date "2013.05.21"]
[Round "5.5"]
[White "Lemke, Berfin"]
[Black "Diederichs, Luise"]
[Result "1/2-1/2"]
[WhiteElo "1574"]
[BlackElo "1906"]
[PlyCount "45"]
[EventDate "2013.??.??"]

1. e4 g6 2. d4 Bg7 3. Nc3 d6 4. f4 a6 5. Nf3 b5 6. Be3 Nd7 7. Ne2 Bb7 8. Ng3 h5
9. Bd3 c5 10. c3 h4 11. Nf1 Qc7 12. Qe2 c4 13. Bc2 h3 14. gxh3 Rxh3 15. Qg2 Rh8
16. f5 O-O-O 17. fxg6 fxg6 18. Qxg6 Bh6 19. Ng5 Bxg5 20. Bxg5 Ngf6 21. Bxf6
Nxf6 22. Qf5+ Kb8 23. Ng3 1/2-1/2

[Event "DEM U16w Oberhof"]
[Site "?"]
[Date "2013.05.21"]
[Round "5.6"]
[White "Fesselier, Melissa"]
[Black "Srokovskiy, Andrea"]
[Result "1/2-1/2"]
[WhiteElo "1738"]
[BlackElo "1767"]
[PlyCount "61"]
[EventDate "2013.??.??"]

1. e4 c5 2. Nf3 e6 3. d4 cxd4 4. Nxd4 a6 5. Nc3 d6 6. Be2 Nf6 7. O-O Be7 8. Be3
O-O 9. Kh1 b6 10. f4 Bb7 11. Bf3 Nbd7 12. Qe1 Qc7 13. f5 e5 14. Nb3 Nc5 15. Nd2
Rfd8 16. g4 d5 17. Bxc5 Bxc5 18. g5 Nxe4 19. Ndxe4 dxe4 20. Nxe4 Bf8 21. Qh4
Kh8 22. g6 fxg6 23. fxg6 h6 24. Bg2 Be7 25. Qg4 Rf8 26. c3 Qc4 27. b3 Qc7 28.
Rad1 Rxf1+ 29. Rxf1 Rf8 30. Rxf8+ Bxf8 31. Qf5 1/2-1/2

[Event "DEM U16w Oberhof"]
[Site "?"]
[Date "2013.05.21"]
[Round "5.7"]
[White "Schaefer, Annabelle"]
[Black "Kovac, Laura"]
[Result "1-0"]
[WhiteElo "1957"]
[BlackElo "1362"]
[PlyCount "39"]
[EventDate "2013.??.??"]

1. e4 c5 2. Nc3 g6 3. f4 Bg7 4. Nf3 e6 5. d3 Ne7 6. Be3 d6 7. Be2 Nbc6 8. O-O
O-O 9. Qe1 f5 10. Qh4 h6 11. g4 e5 12. gxf5 gxf5 13. fxe5 dxe5 14. Bxh6 Rf6 15.
Bxg7 Kxg7 16. Kh1 Ng6 17. Rg1 Qh8 18. Nd5 Rd6 19. Rg2 Nd4 20. Qe7+ 1-0

[Event "DEM U16w Oberhof"]
[Site "?"]
[Date "2013.05.21"]
[Round "5.9"]
[White "Weber, Sandra"]
[Black "Koch, Elisabeth"]
[Result "1-0"]
[WhiteElo "1766"]
[BlackElo "1732"]
[PlyCount "53"]
[EventDate "2013.??.??"]

1. e4 e5 2. Nf3 Nc6 3. d4 exd4 4. Nxd4 Nf6 5. Nxc6 bxc6 6. Bd3 Bc5 7. O-O O-O
8. Bg5 Re8 9. Nc3 h6 10. Bh4 Bd4 11. Re1 Bxc3 12. bxc3 g5 13. Bg3 d6 14. e5 Ng4
15. exd6 Rxe1+ 16. Qxe1 cxd6 17. Qe4 Be6 18. Qh7+ Kf8 19. h3 Ne5 20. Qxh6+ Ke8
21. Bxe5 dxe5 22. Qh8+ Ke7 23. Qxe5 f6 24. Qe4 Qd7 25. Re1 Kd6 26. Qd4+ Kc7 27.
Qxf6 1-0

[Event "DEM U16w Oberhof"]
[Site "?"]
[Date "2013.05.21"]
[Round "5.10"]
[White "Rosmait, Emily"]
[Black "Michels, Kim"]
[Result "1-0"]
[WhiteElo "1754"]
[BlackElo "1641"]
[PlyCount "93"]
[EventDate "2013.??.??"]

1. e4 c5 2. Nf3 Nc6 3. Bb5 g6 4. Bxc6 bxc6 5. O-O Bg7 6. d3 Nf6 7. Nc3 O-O 8.
Be3 d6 9. h3 Rb8 10. Rb1 Be6 11. Qd2 Qa5 12. a3 Rb7 13. Bh6 Rfb8 14. Bxg7 Kxg7
15. Qc1 h6 16. Nh2 d5 17. f4 Nh5 18. f5 Bd7 19. Ng4 g5 20. Ne2 f6 21. h4 Qc7
22. hxg5 hxg5 23. e5 Rh8 24. Qe3 d4 25. exf6+ exf6 26. Qe7+ Kg8 27. Nxf6+ Nxf6
28. Qxf6 Qh2+ 29. Kf2 Bxf5 30. Qd8+ Kf7 31. Qxg5 Rh5 32. Qg3 Kf6 33. Qxh2 Rxh2
34. Kg1 Rh5 35. Ng3 Rg5 36. Ne4+ Kg6 37. Nxg5 Kxg5 38. b3 Re7 39. Rbe1 Re3 40.
Rxe3 dxe3 41. Rf3 e2 42. Kf2 Bg4 43. Rf7 a5 44. Ra7 Kf4 45. Rxa5 Ke5 46. Rxc5+
Kd6 47. Rg5 1-0

[Event "DEM U16w Oberhof"]
[Site "?"]
[Date "2013.05.21"]
[Round "5.11"]
[White "Titgemeyer, Eva Maria"]
[Black "Priese, Annika"]
[Result "1-0"]
[WhiteElo "1567"]
[BlackElo "1703"]
[PlyCount "99"]
[EventDate "2013.??.??"]

1. e4 c5 2. Nf3 d6 3. d4 cxd4 4. Nxd4 Nf6 5. Nc3 a6 6. Bg5 e6 7. f4 h6 8. Bh4
Be7 9. Qf3 Qc7 10. O-O-O Nbd7 11. Bd3 g5 12. fxg5 Ne5 13. Qe2 Nfg4 14. Kb1 hxg5
15. Bg3 Nf6 16. h3 Bd7 17. Bxe5 dxe5 18. Nf3 Nh5 19. Qe3 f6 20. Nh2 O-O-O 21.
Qf3 Nf4 22. g3 Nxd3 23. Rxd3 Rxh3 24. Rdd1 Rdh8 25. Ng4 Rxh1 26. Rxh1 Rxh1+ 27.
Qxh1 Qd8 28. Kc1 Bd6 29. Qh6 Be7 30. Qg7 Kc7 31. a3 Kd6 32. Qh6 Qb6 33. Qh2 f5
34. exf5 exf5 35. Qh6+ Be6 36. Nf6 Qg1+ 37. Kd2 Bxf6 38. Qxf6 Qxg3 39. Qd8+ Bd7
40. Qf6+ Be6 41. Qd8+ Kc6 42. Qe8+ Bd7 43. Qg6+ Kc7 44. Nd5+ Kb8 45. Qd6+ Ka8
46. Qf8+ Ka7 47. Qc5+ Ka8 48. Nb6+ Kb8 49. Nxd7+ Ka8 50. Qc8+ 1-0

[Event "DEM U16w Oberhof"]
[Site "?"]
[Date "2013.05.21"]
[Round "5.12"]
[White "Hartewig, Anja"]
[Black "Paliy, Margaryta"]
[Result "1-0"]
[WhiteElo "1809"]
[BlackElo "1676"]
[PlyCount "93"]
[EventDate "2013.??.??"]

1. d4 d6 2. c4 e5 3. d5 Bf5 4. Nc3 Nf6 5. Bg5 Nbd7 6. e4 Bg6 7. Bd3 Be7 8. Qc2
O-O 9. Nge2 c6 10. O-O Rc8 11. Be3 Ng4 12. Bd2 Nc5 13. h3 Nf6 14. Ng3 h5 15. b4
Nxd3 16. Qxd3 Qb6 17. dxc6 bxc6 18. a3 Qd4 19. Qe2 h4 20. Nf5 Bxf5 21. exf5 e4
22. Rac1 d5 23. Bg5 Qe5 24. Bxh4 Qxf5 25. f3 Qh5 26. Bxf6 Bxf6 27. fxe4 Qxe2
28. Nxe2 Bb2 29. Rb1 Bf6 30. exd5 cxd5 31. cxd5 Rfd8 32. Rfd1 Rc2 33. Nd4 Rc3
34. Nc6 Rd7 35. a4 Be7 36. Nxe7+ Rxe7 37. d6 Rd7 38. b5 Kf8 39. a5 Rc8 40. b6
axb6 41. axb6 Rb8 42. Rbc1 Rbd8 43. Rc7 Ke8 44. b7 Rb8 45. Rc8+ Rd8 46. d7+ Ke7
47. Rxb8 1-0

[Event "DEM U16w Oberhof"]
[Site "?"]
[Date "2013.05.21"]
[Round "5.13"]
[White "Gazizova, Alina"]
[Black "Weiten, Katharina"]
[Result "1/2-1/2"]
[WhiteElo "1074"]
[BlackElo "1080"]
[PlyCount "83"]
[EventDate "2013.??.??"]

1. d4 d5 2. Nf3 Nf6 3. c4 e6 4. Bg5 Be7 5. e3 b6 6. Nc3 Bb7 7. Bd3 O-O 8. O-O
dxc4 9. Bxc4 Ne4 10. Bxe7 Qxe7 11. Nxe4 Bxe4 12. Rc1 Nd7 13. Bd3 Nf6 14. Qc2 c5
15. Bxe4 Rac8 16. Qd3 Rfd8 17. b3 b5 18. Qb1 c4 19. bxc4 bxc4 20. Bb7 Rb8 21.
Rxc4 Rxb7 22. Qc2 Nd5 23. Rc8 Nc7 24. Rxd8+ Qxd8 25. Rb1 Rxb1+ 26. Qxb1 Nd5 27.
h3 g6 28. Qb7 Qa5 29. Ne5 Qc7 30. Qxc7 Nxc7 31. Nc6 Nb5 32. Kf1 Nc3 33. Nxa7
Nxa2 34. Ke1 Nb4 35. Kd2 f6 36. Nb5 Kf7 37. f3 e5 38. Kc3 Nd5+ 39. Kd3 exd4 40.
Nxd4 f5 41. e4 Nf4+ 42. Kc4 1/2-1/2

[Event "DEM U16w Oberhof"]
[Site "?"]
[Date "2013.05.22"]
[Round "6.2"]
[White "Schaefer, Annabelle"]
[Black "Bluhm, Sonja Maria"]
[Result "0-1"]
[WhiteElo "1957"]
[BlackElo "2030"]
[PlyCount "106"]
[EventDate "2013.??.??"]

1. e4 e5 2. Nf3 Nc6 3. Bc4 Bc5 4. b4 Bxb4 5. c3 Be7 6. d4 Na5 7. Be2 exd4 8.
Qxd4 d6 9. Qxg7 Bf6 10. Qg3 h6 11. e5 dxe5 12. Nxe5 Qe7 13. Ng4 Nc4 14. Nxf6+
Nxf6 15. Qf4 Nd6 16. Ba3 Be6 17. Bxd6 cxd6 18. O-O O-O-O 19. Bf3 Bd5 20. Na3
Qe5 21. Qe3 Rhg8 22. Bxd5 Qxd5 23. f3 Qc5 24. Qd4 Rg6 25. Qxc5+ dxc5 26. Rfd1
Nd5 27. Rac1 Rxg2+ 28. Kxg2 Ne3+ 29. Kf2 Nxd1+ 30. Ke2 Nb2 31. Rc2 Na4 32. Nc4
b5 33. Ne3 c4 34. Nf5 h5 35. Ng3 h4 36. Ne4 Rd3 37. Kf2 f5 38. Nd2 Nxc3 39. a3
Kc7 40. a4 a6 41. axb5 axb5 42. Nf1 Kc6 43. Ne3 Nd1+ 44. Nxd1 Rxd1 45. Ke3 Rd3+
46. Kf4 Kc5 47. Kxf5 Rxf3+ 48. Kg4 Rd3 49. Kxh4 b4 50. Kg4 b3 51. Rf2 c3 52.
Rf8 c2 53. Rc8+ Kb4 0-1

[Event "DEM U16w Oberhof"]
[Site "?"]
[Date "2013.05.22"]
[Round "6.3"]
[White "Zahn, Alina"]
[Black "Gassmann, Linda"]
[Result "1-0"]
[WhiteElo "1935"]
[BlackElo "1784"]
[PlyCount "81"]
[EventDate "2013.??.??"]

1. e4 c5 2. Nf3 e6 3. d4 cxd4 4. Nxd4 Nc6 5. Nc3 Qc7 6. Be3 a6 7. Nxc6 Qxc6 8.
Qd4 d6 9. f4 Nf6 10. O-O-O Be7 11. g4 e5 12. fxe5 dxe5 13. Qxe5 Bxg4 14. Nd5
Nxd5 15. exd5 Qf6 16. Qxf6 Bxf6 17. Re1 O-O-O 18. Bg2 Rhe8 19. Bf4 Bh4 20. Bg3
Bxg3 21. hxg3 h6 22. Rhf1 Rxe1+ 23. Rxe1 Kd7 24. Re4 Bh5 25. Kd2 Re8 26. Bh3+
Kd8 27. Rxe8+ Kxe8 28. Bc8 b6 29. Bxa6 Ke7 30. Ke3 Kd6 31. Kd4 g5 32. c4 f5 33.
b4 f4 34. c5+ bxc5+ 35. bxc5+ Kc7 36. gxf4 gxf4 37. Ke5 f3 38. d6+ Kd8 39. c6
Bg4 40. c7+ Ke8 41. Bb5+ 1-0

[Event "DEM U16w Oberhof"]
[Site "?"]
[Date "2013.05.22"]
[Round "6.4"]
[White "Diederichs, Luise"]
[Black "Schlichter, Lisa"]
[Result "1-0"]
[WhiteElo "1906"]
[BlackElo "1659"]
[PlyCount "79"]
[EventDate "2013.??.??"]

1. c4 c5 2. Nc3 Nc6 3. g3 g6 4. Bg2 Bg7 5. d3 d6 6. h3 h6 7. e4 Nf6 8. Nge2 O-O
9. O-O Be6 10. f4 Kh7 11. g4 Bd7 12. Ng3 e6 13. g5 Ne8 14. h4 hxg5 15. hxg5
Bd4+ 16. Kh2 f5 17. Nge2 Bg7 18. Kg3 Rh8 19. exf5 exf5 20. Bd5 Nf6 21. gxf6
Bxf6 22. Be3 Kg7 23. Rh1 Bh4+ 24. Kf3 Rb8 25. Qd2 Nb4 26. a3 Nxd5 27. Nxd5 Bc6
28. Nec3 Qd7 29. b4 b6 30. Rag1 Qf7 31. Ke2 Rbe8 32. Kd1 Rc8 33. Bf2 Bxf2 34.
Qxf2 Qe6 35. Rxh8 Rxh8 36. Re1 Qc8 37. b5 Bd7 38. Re7+ Kf8 39. Qg2 Be8 40. Qg5
1-0

[Event "DEM U16w Oberhof"]
[Site "?"]
[Date "2013.05.22"]
[Round "6.5"]
[White "Srokovskiy, Andrea"]
[Black "Lemke, Berfin"]
[Result "0-1"]
[WhiteElo "1767"]
[BlackElo "1574"]
[PlyCount "54"]
[EventDate "2013.??.??"]

1. d4 Nf6 2. c4 e6 3. Nc3 Bb4 4. Bd2 b6 5. e3 Bb7 6. Nf3 Bxc3 7. Bxc3 O-O 8.
Bd3 d6 9. O-O Ne4 10. Rc1 Nd7 11. Nd2 Ndf6 12. Qc2 Nxc3 13. Qxc3 c5 14. Rfd1
Nh5 15. Ne4 f5 16. Ng3 Qg5 17. Be2 f4 18. exf4 Nxf4 19. Bf1 Qf6 20. f3 h5 21.
Rc2 Qg6 22. Rdd2 h4 23. Ne4 Nh3+ 24. Kh1 Bxe4 25. gxh3 Bxf3+ 26. Bg2 Bxg2+ 27.
Rxg2 Rf1+ 0-1

[Event "DEM U16w Oberhof"]
[Site "?"]
[Date "2013.05.22"]
[Round "6.6"]
[White "Bork, Sophie"]
[Black "Bosse, Lea"]
[Result "1/2-1/2"]
[WhiteElo "1434"]
[BlackElo "1604"]
[PlyCount "43"]
[EventDate "2013.??.??"]

1. e4 e6 2. Nf3 d5 3. Nc3 Nf6 4. exd5 Nxd5 5. d4 Bb4 6. Bd2 c6 7. Nxd5 Bxd2+ 8.
Qxd2 cxd5 9. Bd3 Nc6 10. c3 a6 11. O-O Qe7 12. Rfe1 b5 13. Ne5 Nxe5 14. Rxe5
Rb8 15. Rae1 Bb7 16. f4 g6 17. f5 gxf5 18. Bxf5 Kd8 19. Qf4 Rc8 20. Bxe6 fxe6
21. Rxe6 Rf8 22. Rd6+ 1/2-1/2

[Event "DEM U16w Oberhof"]
[Site "?"]
[Date "2013.05.22"]
[Round "6.7"]
[White "Weber, Sandra"]
[Black "Fesselier, Melissa"]
[Result "1-0"]
[WhiteElo "1766"]
[BlackElo "1738"]
[PlyCount "49"]
[EventDate "2013.??.??"]

1. e4 c5 2. Nf3 e6 3. d4 cxd4 4. Nxd4 Nc6 5. Nc3 Qc7 6. Be3 a6 7. Bd3 d6 8. f4
Nf6 9. O-O Be7 10. Qf3 O-O 11. Kh1 Rb8 12. Rae1 Nxd4 13. Bxd4 e5 14. Ba7 Ra8
15. Be3 b5 16. Nd5 Nxd5 17. exd5 f5 18. fxe5 dxe5 19. d6 e4 20. Bxe4 fxe4 21.
Qxf8+ Bxf8 22. dxc7 Bb7 23. Rd1 Be7 24. Bc5 Bh4 25. Rd8+ 1-0

[Event "DEM U16w Oberhof"]
[Site "?"]
[Date "2013.05.22"]
[Round "6.8"]
[White "Siegl, Melina"]
[Black "Titgemeyer, Eva Maria"]
[Result "1-0"]
[WhiteElo "1773"]
[BlackElo "1567"]
[PlyCount "79"]
[EventDate "2013.??.??"]

1. e4 e5 2. Nf3 Nc6 3. Bc4 Nf6 4. d3 Be7 5. c3 d6 6. Bb3 O-O 7. Nbd2 Na5 8. Bc2
c5 9. h3 Nc6 10. Nf1 h6 11. g4 d5 12. Qe2 dxe4 13. dxe4 Nh7 14. Ng3 b6 15. Nf5
Bf6 16. h4 Bxf5 17. gxf5 Re8 18. Bb3 Qc7 19. Ng5 Nd8 20. Qh5 Qe7 21. Qg6 Nxg5
22. hxg5 Bxg5 23. Rg1 Kh8 24. Bxg5 fxg6 25. Bxe7 Rxe7 26. Rxg6 Rc8 27. Bd5 Re8
28. Ke2 Rc7 29. Rag1 Nb7 30. Ke3 Kh7 31. f4 exf4+ 32. Kxf4 Rf8 33. e5 Rd8 34.
Be4 Rg8 35. f6 Kh8 36. fxg7+ Rgxg7 37. Rxh6+ Kg8 38. Bd5+ Rcf7+ 39. Bxf7+ Kxf7
40. e6+ 1-0

[Event "DEM U16w Oberhof"]
[Site "?"]
[Date "2013.05.22"]
[Round "6.9"]
[White "Mao, Yvonne"]
[Black "Rosmait, Emily"]
[Result "1-0"]
[WhiteElo "1310"]
[BlackElo "1754"]
[PlyCount "63"]
[EventDate "2013.??.??"]

1. e4 e5 2. Nf3 Nc6 3. Nc3 Nf6 4. a3 d5 5. Bb5 d4 6. Ne2 Bd6 7. d3 Bd7 8. O-O
Qe7 9. c3 dxc3 10. Nxc3 O-O 11. Bg5 h6 12. Nd5 Qd8 13. Nxf6+ gxf6 14. Bxh6 Re8
15. Nh4 Bf8 16. Qh5 Qe7 17. Bc4 Be6 18. Nf5 Bxf5 19. exf5 Nd4 20. Qg6+ Kh8 21.
Bxf7 Qxf7 22. Qxf7 Bxh6 23. Qxf6+ Bg7 24. Qh4+ Kg8 25. Qg5 Kf7 26. Qg6+ Kf8 27.
f6 Bh8 28. Rae1 Re6 29. Qh6+ Kf7 30. Qh7+ Kxf6 31. Qxc7 b6 32. f4 1-0

[Event "DEM U16w Oberhof"]
[Site "?"]
[Date "2013.05.22"]
[Round "6.10"]
[White "Kovac, Laura"]
[Black "Hartewig, Anja"]
[Result "1-0"]
[WhiteElo "1362"]
[BlackElo "1809"]
[PlyCount "77"]
[EventDate "2013.??.??"]

1. e4 d6 2. d4 Nf6 3. Nc3 g6 4. Bg5 Bg7 5. e5 Nfd7 6. Nd5 f6 7. exf6 Nxf6 8.
Nxf6+ exf6 9. Be3 O-O 10. Bc4+ d5 11. Bb3 c6 12. h4 Qe7 13. h5 f5 14. Qe2 a5
15. a3 a4 16. Ba2 g5 17. O-O-O h6 18. Re1 Qf6 19. Nf3 Re8 20. Ne5 f4 21. Bd2
Qe7 22. c4 Qc7 23. Bc3 Be6 24. Qd3 Bxe5 25. Rxe5 Qf7 26. cxd5 cxd5 27. Qb5 Nd7
28. Rxe6 Rxe6 29. Bxd5 Kf8 30. Bxe6 Qxe6 31. Qxb7 Rb8 32. Qf3 Nf6 33. Re1 Qc4
34. Qe2 Qc6 35. Qe7+ Kg8 36. Qe6+ Qxe6 37. Rxe6 Kg7 38. d5 Rf8 39. d6 1-0

[Event "DEM U16w Oberhof"]
[Site "?"]
[Date "2013.05.22"]
[Round "6.11"]
[White "Koch, Elisabeth"]
[Black "Weiten, Katharina"]
[Result "1-0"]
[WhiteElo "1732"]
[BlackElo "1080"]
[PlyCount "49"]
[EventDate "2013.??.??"]

1. e4 e5 2. Nf3 Nc6 3. Bc4 Bc5 4. c3 Qe7 5. d3 Nf6 6. Nbd2 O-O 7. O-O d6 8. Re1
Bg4 9. h3 Bh5 10. Nf1 Bg6 11. Ng3 Nh5 12. Bg5 Nf6 13. Nh4 Kh8 14. Nhf5 Qd8 15.
Qf3 Nb8 16. d4 Bb6 17. dxe5 dxe5 18. Rad1 Nbd7 19. Nxg7 Kxg7 20. Rxd7 Nxd7 21.
Bxd8 Raxd8 22. h4 f6 23. h5 Be8 24. Nf5+ Kh8 25. Qg4 1-0

[Event "DEM U16w Oberhof"]
[Site "?"]
[Date "2013.05.22"]
[Round "6.12"]
[White "Paliy, Margaryta"]
[Black "Michels, Kim"]
[Result "0-1"]
[WhiteElo "1676"]
[BlackElo "1641"]
[PlyCount "78"]
[EventDate "2013.??.??"]

1. Nf3 f5 2. c4 Nf6 3. d4 g6 4. Nc3 Bg7 5. e3 d6 6. Be2 O-O 7. O-O a5 8. b3 c6
9. Bb2 Qe8 10. Qd2 e5 11. d5 Na6 12. Rfd1 Ne4 13. Nxe4 fxe4 14. Ng5 Nc5 15.
dxc6 Rf6 16. cxb7 Bxb7 17. Qc2 Qe7 18. Ba3 Nd3 19. Bxd3 exd3 20. Qxd3 e4 21.
Qc2 Rf5 22. Bxd6 Qxg5 23. Bf4 Qe7 24. Rac1 g5 25. Bg3 h5 26. h3 Raf8 27. Bd6
Qf6 28. Bxf8 Bxf8 29. Qe2 Qg6 30. Rc2 Bc6 31. Rcd2 Be7 32. Rc2 Kg7 33. Qd2 Kh7
34. Qd4 g4 35. hxg4 Qxg4 36. Qa7 Qxd1+ 37. Kh2 Rf7 38. Qxa5 Bd6+ 39. g3 Bc7 0-1

[Event "DEM U16w Oberhof"]
[Site "?"]
[Date "2013.05.22"]
[Round "6.13"]
[White "Priese, Annika"]
[Black "Gazizova, Alina"]
[Result "1-0"]
[WhiteElo "1703"]
[BlackElo "1074"]
[PlyCount "57"]
[EventDate "2013.??.??"]

1. e4 c5 2. Nf3 d6 3. d4 cxd4 4. Nxd4 Nf6 5. Nc3 a6 6. f3 e6 7. Be3 Be7 8. Qd2
b5 9. O-O-O Bd7 10. g4 Nc6 11. Kb1 Qa5 12. g5 b4 13. gxf6 bxc3 14. fxg7 Rg8 15.
Qxc3 Qxc3 16. bxc3 Rxg7 17. Nb3 a5 18. a3 Rb8 19. Ka2 a4 20. Nd4 Nxd4 21. cxd4
Bb5 22. Rb1 Rc8 23. Bxb5+ Kd8 24. Bxa4 Rg2 25. h4 Rg3 26. Rhf1 Bxh4 27. Bf2 Rh3
28. Bxh4+ Rxh4 29. Rh1 1-0

[Event "DEM U16w Oberhof"]
[Site "?"]
[Date "2013.05.23"]
[Round "7.1"]
[White "Bluhm, Sonja Maria"]
[Black "Diederichs, Luise"]
[Result "1/2-1/2"]
[WhiteElo "2030"]
[BlackElo "1906"]
[PlyCount "47"]
[EventDate "2013.??.??"]

1. a3 g6 2. g3 Bg7 3. Bg2 d6 4. d3 e5 5. e3 f5 6. Ne2 Nf6 7. c4 c6 8. b4 O-O 9.
Bb2 Qe7 10. O-O Be6 11. Nd2 Nbd7 12. Nb3 d5 13. Na5 Rab8 14. c5 Nh5 15. Qd2 g5
16. f4 gxf4 17. gxf4 Kh8 18. Rf3 Rg8 19. Rh3 Qf7 20. Bf3 Bf6+ 21. Kh1 Ng7 22.
Rg3 Bh4 23. Rh3 Bd8 24. Nb3 1/2-1/2

[Event "DEM U16w Oberhof"]
[Site "?"]
[Date "2013.05.23"]
[Round "7.2"]
[White "Lemke, Berfin"]
[Black "Heinemann, Josefine"]
[Result "0-1"]
[WhiteElo "1574"]
[BlackElo "1970"]
[PlyCount "86"]
[EventDate "2013.??.??"]

1. e4 c5 2. Nf3 e6 3. c3 Nf6 4. e5 Nd5 5. d4 cxd4 6. cxd4 d6 7. Bd2 Nc6 8. Nc3
Be7 9. Bc4 Nb6 10. Bb3 O-O 11. O-O Bd7 12. Ne4 dxe5 13. dxe5 Qc7 14. Qc2 h6 15.
Qc1 Rac8 16. Bf4 g5 17. Bg3 Na5 18. Nd4 Qxc1 19. Raxc1 Rxc1 20. Rxc1 Nxb3 21.
Nxb3 Nd5 22. Na5 Rb8 23. a3 b6 24. Nb3 Rc8 25. Rxc8+ Bxc8 26. Nd4 Bb7 27. Nd6
Bxd6 28. exd6 Kf8 29. h4 Ke8 30. hxg5 hxg5 31. Nf3 f6 32. Nd2 Nf4 33. f3 Ne2+
34. Kf2 Nxg3 35. Kxg3 Kd7 36. Kg4 Kxd6 37. g3 Ke5 38. Kh5 Kd4 39. Kg6 Ke3 40.
Ne4 Bxe4+ 41. fxe4 Kxe4 42. Kxf6 g4 43. Kg5 Kf3 0-1

[Event "DEM U16w Oberhof"]
[Site "?"]
[Date "2013.05.23"]
[Round "7.3"]
[White "Schwarz, Larissa"]
[Black "Bork, Sophie"]
[Result "1/2-1/2"]
[WhiteElo "1943"]
[BlackElo "1434"]
[PlyCount "131"]
[EventDate "2013.??.??"]

1. e4 e5 2. Nf3 Nc6 3. Bb5 f5 4. Nc3 fxe4 5. Nxe4 Nf6 6. Nxf6+ Qxf6 7. d3 Be7
8. O-O O-O 9. Bc4+ Kh8 10. Ng5 Qg6 11. Ne4 d6 12. Ng3 Bg4 13. Qe1 Nd4 14. Qd2
h5 15. Bd5 c6 16. Be4 Qf7 17. c3 Nf5 18. Nxf5 Bxf5 19. Bxf5 Qxf5 20. Qe2 Rf7
21. Qe4 Raf8 22. Qxf5 Rxf5 23. Be3 a6 24. a4 g5 25. b4 g4 26. b5 axb5 27. axb5
c5 28. Ra7 Rb8 29. Rfa1 Rff8 30. c4 Kg7 31. Bd2 Bd8 32. Ra8 Bc7 33. Rxb8 Rxb8
34. Kf1 Kf6 35. Ke2 Kf5 36. f3 gxf3+ 37. Kxf3 Kg6 38. Ke4 Rf8 39. Be3 Bb8 40.
Kd5 Rf6 41. b6 Rf8 42. Ke6 Re8+ 43. Kd7 Rf8 44. Ra8 Kf5 45. Rxb8 Rxb8 46. Kc7
Rg8 47. Kxb7 Rxg2 48. h4 e4 49. dxe4+ Kxe4 50. Bg5 Kd3 51. Kc7 Kxc4 52. Kxd6
Rb2 53. Kc6 Rb1 54. Be7 Rb5 55. b7 Rb1 56. Kc7 Kd5 57. b8=Q Rxb8 58. Kxb8 c4
59. Kc7 Ke6 60. Bg5 Kf5 61. Kd6 Kg4 62. Ke5 c3 63. Ke4 c2 64. Kd3 c1=Q 65. Bxc1
Kxh4 66. Ke4 1/2-1/2

[Event "DEM U16w Oberhof"]
[Site "?"]
[Date "2013.05.23"]
[Round "7.4"]
[White "Siegl, Melina"]
[Black "Zahn, Alina"]
[Result "0-1"]
[WhiteElo "1773"]
[BlackElo "1935"]
[PlyCount "70"]
[EventDate "2013.??.??"]

1. e4 e5 2. Nf3 Nc6 3. Bc4 Nf6 4. d3 Be7 5. c3 O-O 6. Bb3 d5 7. Qe2 dxe4 8.
dxe4 Nd7 9. Ba4 Nc5 10. Bc2 b6 11. b4 Nd7 12. O-O Bb7 13. Rd1 Qc8 14. Nbd2 Bf6
15. Nf1 g6 16. Ne3 Bg7 17. Ng4 Kh8 18. Bb3 Nc5 19. Nh6 Nxb3 20. axb3 Nd8 21.
Qc4 a6 22. h3 Ne6 23. Ng4 b5 24. Qe2 Nf4 25. Qc2 Qe8 26. Ne3 f5 27. Nd5 fxe4
28. Bxf4 Bxd5 29. Rxd5 exf4 30. Re1 e3 31. fxe3 fxe3 32. Qd3 Qf7 33. Rxe3 Rae8
34. Ng5 Qf2+ 35. Kh2 Rxe3 0-1

[Event "DEM U16w Oberhof"]
[Site "?"]
[Date "2013.05.23"]
[Round "7.5"]
[White "Gassmann, Linda"]
[Black "Weber, Sandra"]
[Result "1/2-1/2"]
[WhiteElo "1784"]
[BlackElo "1766"]
[PlyCount "45"]
[EventDate "2013.??.??"]

1. d4 Nf6 2. c4 g6 3. Nc3 Bg7 4. e4 d6 5. f4 O-O 6. Nf3 c5 7. d5 e6 8. dxe6
fxe6 9. Bd3 Nc6 10. O-O Kh8 11. a3 Nh5 12. Ne1 Nd4 13. g4 Nf6 14. Be3 Rg8 15.
Ng2 Qe7 16. Bf2 e5 17. fxe5 dxe5 18. Bh4 Qd6 19. h3 Bd7 20. Nd5 Raf8 21. Nge3
a6 22. Kg2 Bc6 23. Nxf6 1/2-1/2

[Event "DEM U16w Oberhof"]
[Site "?"]
[Date "2013.05.23"]
[Round "7.6"]
[White "Bosse, Lea"]
[Black "Schaefer, Annabelle"]
[Result "1-0"]
[WhiteElo "1604"]
[BlackElo "1957"]
[PlyCount "71"]
[EventDate "2013.??.??"]

1. e4 d6 2. d4 Nf6 3. Nc3 g6 4. h3 Bg7 5. Nf3 O-O 6. Be3 a6 7. Bc4 b5 8. Bb3
Bb7 9. e5 Ne4 10. Nxe4 Bxe4 11. e6 f6 12. d5 c5 13. c4 bxc4 14. Bxc4 Bxf3 15.
Qxf3 Qb6 16. b3 f5 17. Rd1 a5 18. O-O a4 19. Rb1 axb3 20. Rxb3 Qc7 21. Rfb1 Ra7
22. Rb6 Bc3 23. Bh6 Bb4 24. Bxf8 Kxf8 25. Rb5 Kg7 26. Qb3 Ra3 27. Qb2+ Kh6 28.
Qh8 Na6 29. Qf8+ Kg5 30. h4+ Kf4 31. g3+ Ke4 32. Qh6 Ke5 33. Qg7+ Ke4 34. R5xb4
Nxb4 35. Re1+ Kf3 36. Qh6 1-0

[Event "DEM U16w Oberhof"]
[Site "?"]
[Date "2013.05.23"]
[Round "7.7"]
[White "Fesselier, Melissa"]
[Black "Kovac, Laura"]
[Result "1-0"]
[WhiteElo "1738"]
[BlackElo "1362"]
[PlyCount "35"]
[EventDate "2013.??.??"]

1. e4 c5 2. Nf3 g6 3. d4 cxd4 4. Nxd4 Bg7 5. Nc3 a6 6. Be3 e6 7. Qd2 Ne7 8. Be2
Nbc6 9. Nb3 O-O 10. Bh6 b5 11. Bxg7 Kxg7 12. a3 Qb6 13. h4 f5 14. h5 fxe4 15.
Nxe4 d5 16. hxg6 hxg6 17. Qh6+ Kf7 18. Nd6+ 1-0

[Event "DEM U16w Oberhof"]
[Site "?"]
[Date "2013.05.23"]
[Round "7.8"]
[White "Schlichter, Lisa"]
[Black "Srokovskiy, Andrea"]
[Result "1-0"]
[WhiteElo "1659"]
[BlackElo "1767"]
[PlyCount "34"]
[EventDate "2013.??.??"]

1. e4 c5 2. Nf3 e6 3. c3 d5 4. exd5 Qxd5 5. Na3 a6 6. d4 Nc6 7. Nc2 Nf6 8. Be2
Be7 9. O-O O-O 10. Be3 cxd4 11. Ncxd4 b5 12. h3 Bb7 13. Re1 Ne5 14. Bf1 Nc4 15.
Bc1 Rfd8 16. b3 Nd6 17. Re5 Qxe5 1-0

[Event "DEM U16w Oberhof"]
[Site "?"]
[Date "2013.05.23"]
[Round "7.9"]
[White "Michels, Kim"]
[Black "Mao, Yvonne"]
[Result "1-0"]
[WhiteElo "1641"]
[BlackElo "1310"]
[PlyCount "31"]
[EventDate "2013.??.??"]

1. e4 e5 2. Nf3 Nc6 3. Bc4 Nf6 4. d4 exd4 5. O-O Nxe4 6. Re1 d5 7. Bxd5 Qxd5 8.
Nc3 Qh5 9. Nxe4 Be6 10. Bg5 h6 11. Bh4 g5 12. Nf6+ Ke7 13. Nxh5 gxh4 14. Nxd4
Rd8 15. Nf5+ Ke8 16. Nf6# 1-0